Panduan mengenai pewujudan penunjuk prestasi di agensi-agensi kerajaan (Record no. 3500)

000 -LEADER
fixed length control field nam a22 a 4500
003 - CONTROL NUMBER IDENTIFIER
control field AKMAL
005 - DATE AND TIME OF LATEST TRANSACTION
control field 20170523095337.0
008 - FIXED-LENGTH DATA ELEMENTS--GENERAL INFORMATION
fixed length control field 170523s1993 my f00 may d
040 ## - CATALOGING SOURCE
Original cataloging agency AKMAL
245 00 - TITLE STATEMENT
Title Panduan mengenai pewujudan penunjuk prestasi di agensi-agensi kerajaan
260 ## - PUBLICATION, DISTRIBUTION, ETC.
Place of publication, distribution, etc. Kuala lumpur :
Name of publisher, distributor, etc. Unit Pemodenan Tadbiran Malaysia,
Date of publication, distribution, etc. 1993
300 00 - PHYSICAL DESCRIPTION
Extent v, 44ms. :
Other physical details col. ill. ;
Dimensions 21cm
500 ## - GENERAL NOTE
General note Teks sejajar bahasa Malaysia dan Inggeris
521 ## - TARGET AUDIENCE NOTE
Target audience note Peringkat pembaca: Dewasa
650 #0 - SUBJECT ADDED ENTRY--TOPICAL TERM
Topical term or geographic name entry element Achievement motivation
9 (RLIN) 1159
650 #0 - SUBJECT ADDED ENTRY--TOPICAL TERM
Topical term or geographic name entry element Civil service
Geographic subdivision Malaysia
9 (RLIN) 420
650 #0 - SUBJECT ADDED ENTRY--TOPICAL TERM
Topical term or geographic name entry element Performance
9 (RLIN) 6639
710 2# - ADDED ENTRY--CORPORATE NAME
Corporate name or jurisdiction name as entry element Malaysia.
Subordinate unit Unit Pemodenan Tadbiran Malaysia
9 (RLIN) 4208
942 ## - ADDED ENTRY ELEMENTS (KOHA)
Source of classification or shelving scheme
Koha item type Book
Holdings
Withdrawn status Lost status Source of classification or shelving scheme Damaged status Not for loan Collection code Home library Current library Shelving location Date acquired Total Checkouts Full call number Date last seen Price effective from Koha item type
          NON-FICTION AKMAL Melaka AKMAL Melaka PINJAMAN 23.05.2017   201704561 23.05.2017 23.05.2017 Book
Pusat Sumber Maklumat Dato' Haji Sarmin Md Hussin, Akademi Kastam Diraja Malaysia, Melaka
Tel: 06-2331106 | Faks: 06-2313787